| 000 | 00376nam a2200145Ia 4500 | ||
|---|---|---|---|
| 008 | 240624s9999 xx 000 0 und d | ||
| 041 | _aeng | ||
| 082 | _a338.5 MAN | ||
| 100 | _aMANKIW N GREGORY | ||
| 245 | _aPRINCIPLES OF MICROECONOMICS | ||
| 250 | _a(6th ed.) | ||
| 260 |
_c2015 _aNew Delhi _bCengage Learning |
||
| 300 | _axxiii, : 503 : p. : cm. ; 26 | ||
| 365 |
_cRS _b31 |
||
| 999 |
_c25109 _d25109 |
||